000 00892nam a2200229 a 4500
001 000036169
005 20250220114625.0
008 120110s2011 dr 001 0 spa d
040 _aDO-SdBNP
_bspa
_cBNPHU
082 _a352.293
_bR426L
110 1 _aRepública Dominicana.
_bMinisterio Público
_962209
240 1 0 _a[Leyes, etc.]
245 1 0 _aLey orgánica del Ministerio Público :
_bley 133-11 G.O núm. 10621 del 9 de junio de 2011.
246 2 3 _aLey 133-11 G.O núm. 10621 del 9 de junio de 2011.
260 _aSanto Domingo :
_bEscuela Nacional del Ministerio Público,
_c2011.
300 _a98 p. ;
_c18 cm.
590 _aInventariado,2018/DG
650 4 _aInstituciones públicas
_xLegislación
_zRepública Dominicana
_962210
651 4 _aRepública Dominicana
_xLeyes
_916541
651 4 _aRepública Dominicana
_xLey 133-11
_962211
910 _aValidado. Control de calidad EMS
999 _c35660
_d35660